000 00749nam a2200229Ia 4500
003 OSt
005 20220923220927.0
006 a|||||r|||| 00| 0
007 ta
008 220922b |||||||| |||| 00| 0 hin d
024 _a192,347
037 _cTextual
040 _aARTS
_cARTS
_bhin
041 _2hin
_ahin
082 _aT15, 152H9
100 _aनारूलकर, शान्त
_9156369
245 0 _aपूर्व बुनियादी तालिम
_b योजना और प्रत्यक्ष काम
246 _aPūrva buniyādī tālima: yojanā aur pratyakṣha kāma
260 _c1949
942 _hT15, 152H9
_cTEXL
_2CC
999 _c344967
_d344967